02174nam a2200181 a 450000100080000000500110000800800410001910000250006024501450008526001600023049000310039052014820042165000130190365000180191670000200193470000190195470000190197321763912025-06-04 2009 bl uuuu u00u1 u #d1 aMACHADO, J. R. de A. aDesempenho de famílias de algodoeiro obtidas de populações segregantes selecionadas pelo método de Jinks e Pooni.h[electronic resource] aIn: CONGRESSO BRASILEIRO DE MELHORAMENTO DE PLANTAS, 5., 2009, Vitória. O melhoramento e os novos cenários da agricultura: anais. Vitória: Incaperc2009 a(Incaper. Documentos, 11). aPara manter a variabilidade genética das espécies é necessário usar varias estratégias de obtenção e seleção de populações segregantes. Os objetivos deste trabalho foram: avaliar o desempenho de famílias oriundas de populações que apresentaram desempenhos diferenciados pela metodologia de Jinks; Pooni (1976), testar a eficiência desta metodologia na seleção precoce em algodoeiro e verificar qual sistema de hibridação é mais eficiente na obtenção de populações com maior variabilidade genética. No ano agrícola 2004/05 selecionou-se as duas populações com os melhores desempenhos e em contraste, a duas populações que com piores desempenhos, juntamente com a população formada por cruzamentos convergentes. De cada uma foram retiradas aleatoriamente cerca de 20 plantas que deram origem a 98 famílias na geração F3:4. No ano agrícola 2005/06 as populações, juntamente com as cultivares IAC 23 e Delta Opal, foram avaliadas na fazenda Capim Branco, Uberlândia, MG em látice 10x10 com três repetições. Os caracteres avaliados foram produtividade de algodão em caroço (Kg ha-1) e porcentagem de fibra (%). Foram estimados os componentes da variância e as herdabilidades para tais caracteres. Os resultados não possibilitaram concluir a eficiência da metodologia de Jinks; Pooni (1976) para algodoeiro. Observou-se ainda que a população originada de cruzamentos convergentes produziu famílias com potencial maior que as demais. aAlgodão aProdutividade1 aPENNA, J. C. V.1 aMELO, P. G. S.1 aRESENDE, P. A.